00629nam a2200181Ia 4500003000900000008004100009040001600050080001600066100002500082245013600107260004400243300001300287650001700300650001900317942000700336999001300343952009100356IN-BaIIA211028s9999 xx 000 0 eng d cIIA Library a550.38bSAB aSabine, Edward91750 0aReport on the magnetic isoclinal and isodynamic lines in the British islandscEdward Sabine  aLondonbRichard and John E Taylorc1839 a49-196p. aGeomagnetism aGeophysics954 cBK c817d817 00104070aBANbBANcGENd0000-00-00l0o550.38/ SABp843r2021-11-05w0000-00-00yBK